Literary Terms - 5 stages of a story - Statistics

General Stats
  • This quiz has been taken 11 times
  • The average score is 12 of 15
Answer Stats
Answer Hint % Correct
Climax The most intense part of the story. Usually includes lots of action.
100%
Climax Dr. Interesting rushes to Dr. Boring's house to kill him, not realizing that there are alarms all around his house. "BEEEEP!" All of the alarms scream, alerting Dr. Boring. Dr. Boring brings out his ax and his pet apple and the 2 of them started to battle. Dr. Boring swings his ax and it hit Dr. Interesting. Before he fell and died, he shot a bullet at Dr. Boring's Pet Apple. It blew up. - Match this content with the correct term
100%
Climax The final three find out they have the battle out each other to the death. Then, Jeff starts laughing maniacally and explains to the others (Milk, and Cookies) that he was a backstabber who planned all of this.
100%
Exposition The beginning of a story. The part before the action where the readers learn about the characters, setting, and the problem
100%
Exposition Dr.Boring bores everyone to death (literally) by lecturing to people about his pet apple. The people are trying to find a way to get rid of him - Match this content with the correct term
100%
Exposition The whole school was eating lunch at school when everyone is suddenly teleported to some random field with a maze in view in front of a strange man.The strange man says: "Hello I am the master. This is the Maze Wars Tournament where each of you will be sent into the maze to find loot and kill monsters. Every hour the person with the least kill will be executed at the executors home. The last one standing will win 1 million dollars. - Match this content with the correct term
100%
Falling Action Events that come after the climax that lead up to the resolution
75%
Falling Action Even though Dr. Interesting died, Dr. Boring was very sad that his pet apple got destroyed. Pretty soon, Dr. Boring died of depression.All of the people celebrated for days that Dr. Boring died. They also mourned for Dr. Interesting, who got killed as he was fighting Dr. Boring - Match this content with the correct term
75%
Falling Action Milk and Cookies starts fight Jeff with their weapons.
75%
Rising Action Events that lead up to the climax. Introduces many conflicts that happen in the story.
75%
Rising Action The people send Dr. Interesting to murder Dr. Boring. - Match this content with the correct term
75%
Rising Action The contestants are fighting monsters and getting points until the last 3 people standing in the final round, which is Milk, Jeff, and Cookies. - Match this content with the correct term
75%
Resolution The conclusion. The readers now usually understand any gaps to the story
50%
Resolution Dr. Humdrum, Dr. Boring's most trusty assistant, went and digged up Dr. Boring's body and resurrected him. Dr. Boring is alive again! He gets a new pet apple and starts lecturing everyone to death again. The End - Match this content with the correct term
50%
Resolution Jeff was defeated and leaves to make a new plan with the Master while continuing to go to other schools to teleport the students to the maze to do the tournament as well. (Jeff was the son of the Master).
50%
No matching quizzes found
Score Distribution
Percent of People with Each Score
Percentile by Number Answered
Your Score History
You have not taken this quiz